|
|
|
|
| LEADER |
00000nab a2200000 a 4500 |
| 001 |
vtls000054320 |
| 003 |
SK-MaSNL |
| 005 |
20260304213545.0 |
| 008 |
140301c1980 xo 0 slo |
| 015 |
|
|
|a SNBRB19rr/mm-uuuuu
|
| 035 |
|
|
|a CL0064417
|
| 040 |
|
|
|a SNKBUCL
|b slo
|c SNKBUCL
|e AACR2
|
| 041 |
0 |
|
|a slo
|
| 044 |
|
|
|a xo
|c SK
|
| 080 |
|
|
|a 75
|2 1981
|
| 080 |
|
|
|a 92 Nemčík, Július
|2 1981
|
| 100 |
1 |
|
|a Chriašteľová, Ľubica,
|d 1948-
|4 aut
|9 5061
|
| 245 |
1 |
0 |
|a Súborné dielo J. Nemčíka
|c Ľ. Chriašteľová
|
| 300 |
|
|
|b Obr. 1.
|
| 650 |
0 |
7 |
|a Nemčík, Július,
|d 1909-1986
|2 snkbucl
|9 1546619
|
| 655 |
|
7 |
|a články z novín a časopisov
|2 snkbucl
|9 267496
|
| 773 |
0 |
|
|t Učiteľské noviny
|g Roč. 30, č. 8 (1980), s. 8
|
| 850 |
|
|
|a Slovenská národná knižnica v Martine
|a MTA001
|
| 852 |
|
|
|a SNK
|b KIS3GCP
|
| 957 |
|
|
|a 5100
|
| 958 |
|
|
|a RK
|
| 992 |
|
|
|a RBX
|
| 999 |
|
|
|c 3136449
|d 3138379
|